|
|
|
|
| LEADER |
02166nam a2200385 a 4500 |
| 001 |
GR-Antirio950 |
| 008 |
140408s2010 gr g 001 0 gre d |
| 020 |
|
|
|a 9789605125974
|
| 040 |
|
|
|a GrPaTEI
|b gre
|c GR-PaULI
|
| 040 |
|
|
|a GrPaTEI
|b gre
|c GR-PaULI
|
| 082 |
|
0 |
|a 006.78
|2 22
|
| 100 |
1 |
|
|a Velte, Anthony T.
|
| 245 |
1 |
0 |
|a Cloud comruting: :
|b μια πρακτική προσέγγιση /
|c Anthony T. Velte, Toby J. Velte, Robert Elsenpeter ; απόδοση: Μαίρη Γκλαβά.
|
| 260 |
|
|
|a Αθήνα :
|b Μ.Γκιούρδας,
|c 2010
|
| 300 |
|
|
|a xvi, 335 σ. :
|b είκ.
|
| 500 |
|
|
|a Περιέχει ευρετήριο και γλωσσάρι
|
| 500 |
|
|
|a Σύστημα "ΕΥΔΟΞΟΣ":αρ. εισ. 9378, 9412, 9429
|
| 500 |
|
|
|a Τμήμα Μηχανικών Πληροφορικής Τ.Ε. (Αντίρριο)
|
| 610 |
|
4 |
|a Σύστημα ΕΥΔΟΞΟΣ
|
| 610 |
2 |
4 |
|a Τμήμα Μηχανικών Πληροφορικής Τ.Ε. (Αντίρριο)
|
| 650 |
|
0 |
|a Cloud computing
|
| 650 |
|
0 |
|a Computer science
|
| 650 |
|
4 |
|a Επιστήμη των υπολογιστών
|
| 650 |
|
4 |
|a Λειτουργικά συστήματα (Ηλεκτρονικοί υπολογιστές)
|
| 650 |
|
4 |
|a Υπηρεσίες δικτύου
|
| 700 |
1 |
|
|a Elsenpeter, Robert
|
| 700 |
1 |
|
|a Velte, Toby J.
|
| 700 |
1 |
|
|a Γκλαβά, Μαίρη
|
| 710 |
0 |
|
|a Μ. Γκιούρδας
|
| 942 |
|
|
|2 ddc
|
| 952 |
|
|
|0 0
|1 0
|2 ddc
|4 0
|6 006_780000000000000_VEL
|7 0
|9 262535
|a LISK-2
|b LISK-2
|c EUD
|d 2021-01-17
|e 24
|f 0
|g 0.00
|l 0
|o 006.78 VEL
|p 2430000009378
|r 2021-01-17 00:00:00
|t 1
|w 2021-01-17
|y BK15
|x 20140408 0 ΧΑΣΑΝΗ 1
|x GrPaTEI - Antirrio
|
| 952 |
|
|
|0 0
|1 0
|2 ddc
|4 0
|6 006_780000000000000_VEL
|7 0
|9 262536
|a LISK-2
|b LISK-2
|c EUD
|d 2021-01-17
|e 24
|f 0
|g 0.00
|l 0
|o 006.78 VEL
|p 2430000009412
|r 2021-01-17 00:00:00
|t 1
|w 2021-01-17
|y BK15
|x 20141111 0 ΧΑΣΑΝΗ 1
|x GrPaTEI - Antirrio
|
| 952 |
|
|
|0 0
|1 0
|2 ddc
|4 0
|6 006_780000000000000_VEL
|7 0
|9 262537
|a LISK-2
|b LISK-2
|c EUD
|d 2021-01-17
|e 24
|f 0
|g 0.00
|l 0
|o 006.78 VEL
|p 2430000009429
|r 2021-01-17 00:00:00
|t 1
|w 2021-01-17
|y BK15
|x 20141111 0 ΧΑΣΑΝΗ 1
|x GrPaTEI - Antirrio
|
| 971 |
|
|
|a .b25707498
|b 15-04-20
|c 12-09-16
|
| 999 |
|
|
|c 151332
|d 151332
|